Laddar...
| LEADER | 00512nam a2200145Ia 4500 | ||
|---|---|---|---|
| 008 | 150624b xxu||||| |||| 00| 0 eng d | ||
| 082 | |a 307.7720955 | ||
| 100 | |a Iyer, L. K. Anantha Krishna | ||
| 245 | |a Tribes and castes of Cochin / |c L. K. Anantha Krishna Iyer | ||
| 260 | |a New Delhi : |b Cosmo, |c 1981. | ||
| 300 | |a 353 p. | ||
| 490 | |a v1 | ||
| 942 | |c BK | ||
| 999 | |c 43033 |d 43033 | ||
| 952 | |0 0 |1 0 |2 ddc |4 0 |6 307_772095483000000_IYE_T |7 0 |9 43027 |a UL |b UL |c ST2 |d 1998-09-01 |l 2 |m 5 |o 307.772095483 IYE/T. |p 63149 |r 2021-11-16 |s 2020-02-17 |y BK | ||